000 00610 a2200193 4500
001 63832
005 20260407155938.0
008 260407a1962 arg spa d
003 AR-UNSa-BCEJYS
040 _aAR-UNSa-BCEJYS
_bspa
_cAR-UNSa-BCEJYS
080 _a351.72
_xFinanzas públicas. Legislación (Contabilidad Pública, Administración financiera...)
245 1 0 _aTratado de contabilidad pública
264 1 _aBuenos Aires :
_bAbeledo Perrot
_c1962
300 _aviii, 341 p.
_c23 cm.
041 _aspa
942 _cBK
590 _aniveau_biblio:m niveau_hierar:0
100 1 _aMatocq, Eugenio Andrés
999 _c8341
_d8341